[Event "FRA-chT"]
[Site "FRA"]
[Date "1996.??.??"]
[Round "?"]
[White "Huguet, Bernard"]
[Black "Lamoureux, Charles"]
[Result "0-1"]
[WhiteElo "2185"]
[BlackElo "2355"]
[PlyCount "110"]
[EventDate "1996.??.??"]
[Source "ChessBase"]

1. c4 g6 2. Nc3 Bg7 3. g3 e5 4. Bg2 d6 5. e4 Nc6 6. Nge2 Nge7 7. O-O Be6 8. d3
O-O 9. h3 Qd7 10. Kh2 f5 11. Nd5 Kh8 12. Be3 Nd4 13. Nxd4 exd4 14. Bg5 Ng8 15.
Bd2 fxe4 16. dxe4 c6 17. Nf4 Bxc4 18. Ne2 Rae8 19. b3 Bd3 20. f3 c5 21. Re1 Bb5
22. Rc1 Nf6 23. Bg5 Nh5 24. Qd2 b6 25. Bh6 Bxh6 26. Qxh6 d5 27. exd5 Qd6 28.
Nf4 Nxf4 29. gxf4 Be2 30. Bf1 Bxf1 31. Rxe8 Rxe8 32. Rxf1 Qxd5 33. Re1 Qf7 34.
Rxe8+ Qxe8 35. Qg5 Qd7 36. Qe5+ Kg8 37. Qb8+ Kg7 38. Qe5+ Kf7 39. Qh8 Ke6 40.
Qe5+ Kf7 41. Qh8 Qd6 42. Qxh7+ Kf6 43. Kg3 d3 44. Qh8+ Ke7 45. Qa1 d2 46. Qd1
Qd4 47. Kg2 Kf7 48. f5 gxf5 49. Kf1 Qd3+ 50. Kf2 f4 51. h4 b5 52. h5 c4 53.
bxc4 bxc4 54. h6 Qe3+ 55. Kf1 Kg8 0-1

[Event "FRA-chT"]
[Site "FRA"]
[Date "1996.??.??"]
[Round "?"]
[White "Huguet, Bernard"]
[Black "Leroy, Didier"]
[Result "0-1"]
[WhiteElo "2185"]
[BlackElo "2200"]
[PlyCount "62"]
[EventDate "1996.??.??"]
[Source "ChessBase"]

1. d4 Nf6 2. c4 g6 3. Nc3 d5 4. cxd5 Nxd5 5. e4 Nxc3 6. bxc3 Bg7 7. Be3 c5 8.
Bb5+ Nc6 9. Qd2 O-O 10. Ne2 Qa5 11. Rb1 Rd8 12. d5 a6 13. Bd3 Ne5 14. O-O e6
15. Bg5 f6 16. Bf4 Nxd3 17. Qxd3 exd5 18. Qg3 Qxa2 19. Bc7 Re8 20. Nf4 Rxe4 21.
Rbd1 d4 22. f3 Re7 23. Bd6 Rd7 24. Bxc5 dxc3 25. Rde1 Qc4 26. Ba3 Rd8 27. Re7
Bf5 28. Nh5 Bh8 29. Rc7 Qd4+ 30. Kh1 c2 31. f4 Qd3 0-1

[Event "FRA-chT"]
[Site "FRA"]
[Date "1996.??.??"]
[Round "?"]
[White "Inkiov, Ventzislav"]
[Black "David, Alberto"]
[Result "0-1"]
[WhiteElo "2505"]
[BlackElo "2330"]
[PlyCount "44"]
[EventDate "1996.??.??"]
[Source "ChessBase"]

1. e4 c5 2. Nf3 Nf6 3. e5 Nd5 4. c4 Nc7 5. b3 Nc6 6. Bb2 d6 7. exd6 Qxd6 8. d4
cxd4 9. Nxd4 e5 10. Nxc6 Qxc6 11. Nd2 Bf5 12. a3 O-O-O 13. b4 Be7 14. Qf3 Qg6
15. Be2 Ne6 16. Bxe5 Bf6 17. g4 Bc2 18. Bxf6 gxf6 19. Qe3 Nf4 20. Ra2 Bd3 21.
Bf3 Rhe8 22. Kd1 Be2+ 0-1

[Event "FRA-chT"]
[Site "FRA"]
[Date "1996.??.??"]
[Round "?"]
[White "Inkiov, Ventzislav"]
[Black "Lautier, Joel"]
[Result "0-1"]
[WhiteElo "2500"]
[BlackElo "2630"]
[Annotator "Lautier"]
[PlyCount "88"]
[EventDate "1996.??.??"]
[Source "ChessBase"]

1. d4 d5 2. c4 dxc4 3. e4 Nc6 4. Nf3 Bg4 5. Bxc4 e6 6. Be3 Bxf3 7. gxf3 Qf6 8.
Bb5 Bb4+ 9. Nc3 Nge7 10. a3 Ba5 11. f4 O-O-O 12. e5 Qh4 13. Qa4 (13. Qd2 Bb6
14. Ne2 Nxd4 15. Bxd4 Nf5) 13... a6 14. Bxc6 (14. Be2 b5 15. Qc2 (15. Qd1 Nxd4
16. Bxd4 Nf5) 15... Nxd4 16. Qe4 Bxc3+ 17. bxc3 Nxe2 18. Kxe2 (18. Qa8+ Kd7 19.
Rd1+ Nd5) 18... Nd5) 14... Nxc6 15. O-O-O Bxc3 16. bxc3 g5 17. fxg5 (17. Qc2
gxf4 18. Qe4 Qe7 19. Qxf4 Qxa3+) 17... Nxe5 18. Rhg1 (18. h3 Nf3) 18... Nc6 (
18... Ng4 19. d5) 19. Qc2 (19. Rg2 e5) 19... Qxh2 20. Rh1 Qd6 21. Qb3 Na5 22.
Qb4 Qd5 23. Bf4 Nc4 24. a4 Rd7 (24... a5 25. Qc5) 25. Rh4 (25. Rde1 a5 26. Qb3
(26. Qc5 Qf3 27. Qxc4 Qxf4+ 28. Kb1 Qxg5) 26... Qf3 27. Bg3 Rxd4) 25... e5 26.
Bg3 Rhd8 (26... exd4 27. Rhxd4 Qxg5+ 28. Bf4) 27. Re1 a5 28. Qb3 (28. Qb5 Qxb5
29. axb5 exd4) (28. Qc5 Qxc5 29. dxc5 Nd2) 28... Rd6 29. Bxe5 Rb6 30. Qc2 Na3
31. Qf5+ Kb8 (31... Rd7 32. Rxh7 Rb1+ 33. Kd2 Qa2+ 34. Ke3 Rxe1+ 35. Kf3 Qe2+
36. Kg3 Rg1+ 37. Kh2) 32. Bxc7+ (32. Re2 Qc4) 32... Kxc7 33. Re7+ Kb8 34. Qxd5
Rxd5 35. Rxh7 Rxg5 36. Rhxf7 Nc4 37. Kc2 Rg1 38. Rf8+ Ka7 39. Ree8 Rb2+ 40. Kd3
Nb6 41. Re5 Rd1+ 42. Ke4 Re2+ 43. Kf3 Rxe5 44. dxe5 Re1 0-1

[Event "FRA-chT"]
[Site "FRA"]
[Date "1996.??.??"]
[Round "?"]
[White "Jaulin, Marc"]
[Black "Delebarre, Xavier"]
[Result "0-1"]
[WhiteElo "2150"]
[BlackElo "2260"]
[PlyCount "80"]
[EventDate "1996.??.??"]
[Source "ChessBase"]

1. d4 c5 2. d5 d6 3. c4 g6 4. Nc3 Bg7 5. e4 Nf6 6. Bd3 O-O 7. h3 e6 8. Nf3 exd5
9. cxd5 Re8 10. O-O a6 11. a4 c4 12. Bc2 Qc7 13. Bf4 Nbd7 14. Bh2 Nc5 15. Re1
Bd7 16. e5 dxe5 17. Nxe5 Qb6 18. Rb1 Qb4 19. Na2 Qa5 20. Nc3 b5 21. Qd4 Rac8
22. g4 Qd8 23. axb5 axb5 24. Rbd1 b4 25. Ne2 Bb5 26. Qf4 Ncd7 27. Nd4 Nxe5 28.
Nxb5 Nxd5 29. Qe4 Qf6 30. f4 Nd3 31. Qxe8+ Rxe8 32. Rxe8+ Bf8 33. Bxd3 Qb6+ 34.
Kh1 Qxb5 35. Bxc4 Qxe8 36. Bxd5 Qe2 37. Ra1 Qxb2 38. Ra8 Qd2 39. Bf3 b3 40. f5
b2 0-1

[Event "FRA-chT"]
[Site "FRA"]
[Date "1996.??.??"]
[Round "?"]
[White "Jost, Claude"]
[Black "Claverie, Christophe"]
[Result "1/2-1/2"]
[WhiteElo "2300"]
[BlackElo "2250"]
[PlyCount "70"]
[EventDate "1996.??.??"]
[Source "ChessBase"]

1. d4 Nf6 2. Nf3 g6 3. c4 Bg7 4. Nc3 O-O 5. e4 d6 6. Be2 e5 7. Bg5 exd4 8. Nxd4
Re8 9. f3 h6 10. Bh4 c6 11. Bf2 d5 12. exd5 cxd5 13. O-O Nc6 14. c5 Qe7 15. Bb5
Bd7 16. Re1 Qf8 17. Qd2 a6 18. Ba4 Rxe1+ 19. Rxe1 Re8 20. Bb3 Rxe1+ 21. Qxe1
Nxd4 22. Bxd4 Ne4 23. Qe3 Bxd4 24. Qxd4 Qxc5 25. Qxc5 Nxc5 26. Bxd5 Be6 27.
Bxe6 Nxe6 28. Kf2 Kf8 29. Ke3 Ke7 30. f4 h5 31. g3 Kd6 32. Kd3 b5 33. Ne4+ Kd5
34. Nc3+ Kd6 35. Ne4+ Kd5 1/2-1/2

[Event "FRA-chT"]
[Site "FRA"]
[Date "1996.??.??"]
[Round "?"]
[White "Jost, Claude"]
[Black "Degraeve, Jean Marc"]
[Result "0-1"]
[WhiteElo "2300"]
[BlackElo "2515"]
[PlyCount "90"]
[EventDate "1996.??.??"]
[Source "ChessBase"]

1. d4 Nf6 2. Nf3 g6 3. c4 Bg7 4. Nc3 O-O 5. e4 d6 6. Be2 e5 7. dxe5 dxe5 8. Bg5
c6 9. Qxd8 Rxd8 10. Nxe5 Re8 11. O-O-O Na6 12. Bf4 Nc5 13. Bf3 g5 14. Be3 Rxe5
15. Rd8+ Bf8 16. Bd4 Ncd7 17. Bxe5 Nxe5 18. Be2 Kg7 19. h4 Be7 20. Rdd1 h6 21.
hxg5 hxg5 22. f3 Be6 23. b3 Bc5 24. Kc2 Ng6 25. Rhf1 Nf4 26. g3 Nxe2 27. Nxe2
b5 28. cxb5 cxb5 29. Kb2 a5 30. Rc1 Bf8 31. Nd4 Bd7 32. Rc7 Rd8 33. Rd1 Re8 34.
Rxd7 Nxd7 35. Nf5+ Kf6 36. Rxd7 g4 37. Nd6 Re7 38. e5+ Kxe5 39. Nxf7+ Ke6 40.
Rxe7+ Bxe7 41. Nh6 gxf3 42. Ng4 Kf5 43. Nh2 Ke4 44. Kc2 Ke3 45. g4 Ke2 0-1

[Event "FRA-chT"]
[Site "FRA"]
[Date "1996.??.??"]
[Round "?"]
[White "Jost, Claude"]
[Black "Lecuyer, Christian"]
[Result "0-1"]
[WhiteElo "2300"]
[BlackElo "2230"]
[PlyCount "46"]
[EventDate "1996.??.??"]
[Source "ChessBase"]

1. d4 Nf6 2. Nf3 e6 3. Bg5 d5 4. Nbd2 Be7 5. e3 Nbd7 6. Bd3 b6 7. O-O Bb7 8. c3
O-O 9. Qb1 h6 10. Bh4 c5 11. b4 cxb4 12. cxb4 Rc8 13. b5 Qc7 14. a4 Bd6 15. a5
bxa5 16. Nb3 Bb4 17. Ne5 Nxe5 18. dxe5 Ne4 19. Rc1 Qb6 20. Qa2 a6 21. bxa6 Bxa6
22. Bxa6 Qxa6 23. f3 Nc3 0-1

[Event "FRA-chT"]
[Site "FRA"]
[Date "1996.??.??"]
[Round "?"]
[White "Jost, Claude"]
[Black "Szylar, Eric"]
[Result "1-0"]
[WhiteElo "2300"]
[BlackElo "2160"]
[PlyCount "79"]
[EventDate "1996.??.??"]
[Source "ChessBase"]

1. d4 Nf6 2. Nf3 g6 3. c4 Bg7 4. Nc3 O-O 5. e4 d6 6. Be2 e5 7. Be3 exd4 8. Nxd4
Re8 9. Qc2 c6 10. O-O-O Qe7 11. Nb3 Nbd7 12. f3 Ne5 13. c5 d5 14. Bg5 h6 15.
Bh4 dxe4 16. fxe4 Neg4 17. Rd6 g5 18. Bg3 Ne3 19. Qd3 Nxg2 20. e5 Ng4 21. Ne4
N4e3 22. Nd4 f5 23. exf6 Qxe4 24. Qxe4 Rxe4 25. fxg7 Kxg7 26. Bd3 Re8 27. Rg6+
Kf7 28. Rxh6 Nf4 29. Bxf4 gxf4 30. Rg1 Bg4 31. Rh7+ Kf8 32. Rh8+ Kf7 33. Rh4
Kf8 34. Nb3 f3 35. Rh6 Re6 36. Rxe6 Bxe6 37. Rg3 Bd5 38. Nd4 Rd8 39. Nxf3 Bxf3
40. Rxf3+ 1-0

[Event "FRA-chT"]
[Site "FRA"]
[Date "1996.??.??"]
[Round "?"]
[White "Kallai, Gabor"]
[Black "Bricard, Emmanuel"]
[Result "1-0"]
[WhiteElo "2500"]
[BlackElo "2475"]
[PlyCount "39"]
[EventDate "1996.??.??"]
[Source "ChessBase"]

1. d4 Nf6 2. c4 c5 3. d5 b5 4. Nf3 b4 5. a3 g6 6. axb4 cxb4 7. e4 d6 8. Qa4+
Nbd7 9. e5 dxe5 10. Nxe5 Qc7 11. Bf4 Nh5 12. Nxd7 Qxd7 13. Be5 f6 14. Bd4 e5
15. Be3 Ng7 16. Qxd7+ Kxd7 17. Nd2 a5 18. Nb3 a4 19. c5 Kc7 20. Bb5 1-0

[Event "FRA-chT"]
[Site "FRA"]
[Date "1996.??.??"]
[Round "?"]
[White "Kallai, Gabor"]
[Black "Hamdouchi, Hichem"]
[Result "1-0"]
[WhiteElo "2500"]
[BlackElo "2495"]
[PlyCount "81"]
[EventDate "1996.??.??"]
[Source "ChessBase"]

1. d4 e6 2. c4 b6 3. a3 Bb7 4. d5 Na6 5. Nc3 f5 6. Nf3 Nf6 7. g3 Nc5 8. Bg2
Nce4 9. dxe6 Nxc3 10. exd7+ Qxd7 11. Qxd7+ Nxd7 12. bxc3 Ne5 13. O-O Nxc4 14.
Rd1 Nd6 15. Bf4 Be7 16. a4 a6 17. Nd4 Bxg2 18. Kxg2 g6 19. Nc6 Bf8 20. Rac1 Kd7
21. Nb4 Ke6 22. c4 Ne8 23. Nc6 Bd6 24. Bxd6 Nxd6 25. c5 bxc5 26. Rxc5 Rhe8 27.
Rdc1 Rec8 28. f3 Ne8 29. e4 fxe4 30. fxe4 Nf6 31. Re5+ Kd6 32. Re7 Ng4 33. h3
Re8 34. Rxe8 Rxe8 35. hxg4 Rxe4 36. a5 Rxg4 37. Nb8 Rb4 38. Rd1+ Ke6 39. Nxa6
Rb2+ 40. Kh3 c6 41. Nc7+ 1-0

[Event "FRA-chT"]
[Site "FRA"]
[Date "1996.??.??"]
[Round "?"]
[White "Kallai, Gabor"]
[Black "Hauchard, Arnaud"]
[Result "1/2-1/2"]
[WhiteElo "2500"]
[BlackElo "2500"]
[PlyCount "84"]
[EventDate "1996.??.??"]
[Source "ChessBase"]

1. d4 d5 2. c4 dxc4 3. e3 e6 4. Bxc4 Nf6 5. Nf3 c5 6. Qe2 a6 7. dxc5 Bxc5 8.
O-O Qc7 9. e4 Ng4 10. e5 Nd7 11. Bf4 Nf8 12. Nbd2 Ng6 13. Bg3 O-O 14. Rac1 Qe7
15. Ne4 Ba7 16. Nfg5 Nh6 17. Qh5 Bd4 18. Bd3 Bxb2 19. Nf6+ gxf6 20. Rc7 Bd7 21.
Ne4 Ng4 22. Qxg4 f5 23. Nf6+ Qxf6 24. exf6 fxg4 25. Rxd7 b5 26. Be4 Rad8 27.
Ra7 Bxf6 28. Rxa6 Rd4 29. f3 gxf3 30. Bxf3 Be5 31. Bf2 Rd2 32. Rb1 Rc8 33. Be3
Rd3 34. Bh6 Bf4 35. Bxf4 Nxf4 36. Rxb5 Nh3+ 37. Kf1 Rc1+ 38. Ke2 Nf4+ 39. Kf2
Rc2+ 40. Kg3 Ne2+ 41. Kh4 Rd4+ 42. Kh5 Kg7 1/2-1/2

[Event "FRA-chT"]
[Site "FRA"]
[Date "1996.??.??"]
[Round "?"]
[White "Kallai, Gabor"]
[Black "Komarov, Dimitri"]
[Result "1/2-1/2"]
[WhiteElo "2500"]
[BlackElo "2595"]
[PlyCount "55"]
[EventDate "1996.??.??"]
[Source "ChessBase"]

1. d4 Nf6 2. c4 e6 3. Nf3 b6 4. g3 Ba6 5. b3 Bb4+ 6. Bd2 Be7 7. Bg2 c6 8. O-O
d5 9. Ne5 Nbd7 10. Nxd7 Nxd7 11. Bc3 O-O 12. Nd2 Rc8 13. e4 b5 14. Re1 bxc4 15.
bxc4 dxc4 16. Qc2 Re8 17. Rad1 Bf8 18. a4 Qc7 19. Bf1 c5 20. d5 exd5 21. exd5
Ne5 22. Bxe5 Rxe5 23. Rxe5 Qxe5 24. Nxc4 Bxc4 25. Bxc4 Rb8 26. Bb5 Rd8 27. Qd3
g6 28. Rd2 1/2-1/2

[Event "FRA-chT"]
[Site "FRA"]
[Date "1996.??.??"]
[Round "?"]
[White "Karr, Jean Philipp"]
[Black "Delebarre, Xavier"]
[Result "1/2-1/2"]
[WhiteElo "2325"]
[BlackElo "2260"]
[PlyCount "120"]
[EventDate "1996.??.??"]
[Source "ChessBase"]

1. d4 c5 2. d5 d6 3. c4 g6 4. e4 Bg7 5. Nc3 Nf6 6. Nf3 O-O 7. Be2 Na6 8. O-O
Nc7 9. Bf4 Nh5 10. Be3 e5 11. dxe6 Nxe6 12. Qd2 b6 13. Ne1 Nf6 14. Rd1 Bb7 15.
f3 Ne8 16. Nc2 Qh4 17. g3 Qh3 18. Rf2 f5 19. exf5 Qxf5 20. Nd5 Bxd5 21. cxd5
N6c7 22. Na3 Nf6 23. Nb5 Nce8 24. Bf4 Qd7 25. Nc3 a6 26. Kg2 b5 27. Ne4 Nxe4
28. fxe4 Bd4 29. Rf3 Nf6 30. Bd3 Ng4 31. Rdf1 Rf7 32. h3 Ne5 33. Bxe5 Rxf3 34.
Rxf3 Bxe5 35. b3 Kg7 36. Rf1 Qe7 37. Be2 h5 38. Qd3 Rb8 39. h4 Bd4 40. Rb1 Re8
41. Bf3 Bf6 42. Rc1 Qe5 43. Rc2 g5 44. Bxh5 Qxe4+ 45. Qxe4 Rxe4 46. hxg5 Bxg5
47. Bf3 Rb4 48. Kf2 a5 49. Re2 c4 50. bxc4 Rxc4 51. Be4 Bf6 52. Ke3 Be5 53. g4
b4 54. g5 Rc3+ 55. Bd3 a4 56. Rc2 Ra3 57. g6 b3 58. axb3 Rxb3 59. Rc7+ Kf8 60.
Rc8+ Ke7 1/2-1/2

[Event "FRA-chT"]
[Site "FRA"]
[Date "1996.??.??"]
[Round "?"]
[White "Karr, Jean Philipp"]
[Black "Garcia, Olivier"]
[Result "1-0"]
[WhiteElo "2325"]
[BlackElo "2250"]
[PlyCount "83"]
[EventDate "1996.??.??"]
[Source "ChessBase"]

1. d4 g6 2. e4 d6 3. c4 Bg7 4. Nc3 Nd7 5. Nf3 e5 6. Be2 Ne7 7. O-O O-O 8. Re1
exd4 9. Nxd4 Nc6 10. Be3 Re8 11. Rb1 Nxd4 12. Bxd4 Bxd4 13. Qxd4 Ne5 14. f4 Nc6
15. Qd2 Be6 16. Nd5 a5 17. Bf3 Bxd5 18. cxd5 Ne7 19. e5 Nf5 20. Bg4 Ng7 21. g3
h5 22. Bh3 a4 23. Re2 dxe5 24. fxe5 c6 25. d6 Ra5 26. Rbe1 Ne6 27. Bg2 Rb5 28.
Rf1 Qg5 29. Qc3 Rf8 30. h4 Qd8 31. Bh3 Qb6+ 32. Ref2 Nd4 33. Re1 Ne6 34. Kg2 c5
35. Ref1 Nd4 36. d7 Qc6+ 37. Kh2 Qd5 38. Rf6 Qxe5 39. Kh1 Qe4+ 40. Kh2 Qe5 41.
Rxf7 Nf3+ 42. Qxf3 1-0

[Event "FRA-chT"]
[Site "FRA"]
[Date "1996.??.??"]
[Round "?"]
[White "Karr, Jean Philipp"]
[Black "Tersarkissoff, Jean Jacques"]
[Result "1-0"]
[WhiteElo "2325"]
[BlackElo "2140"]
[PlyCount "69"]
[EventDate "1996.??.??"]
[Source "ChessBase"]

1. d4 d5 2. c4 dxc4 3. e4 Nc6 4. Be3 Nf6 5. f3 e5 6. d5 Ne7 7. Bxc4 Ng6 8. Nc3
Bd6 9. Bb5+ Nd7 10. Qd2 a6 11. Bd3 Nf4 12. Bc2 Qg5 13. O-O-O Qxg2 14. Bxf4 Qxh1
15. Be3 Nb6 16. Qf2 Nc4 17. Nge2 Qxd1+ 18. Bxd1 Nxe3 19. Qxe3 h6 20. f4 O-O 21.
f5 Kh7 22. Ng3 Be7 23. Kb1 Bd7 24. Qf2 Bh4 25. Bb3 Rac8 26. Qc5 Rfe8 27. d6
cxd6 28. Qxd6 Re7 29. Nd5 Bg5 30. a3 Rc6 31. Qb4 Rc1+ 32. Ka2 Re8 33. Qxb7 Bb5
34. Qxf7 Rb8 35. Nh5 1-0

[Event "FRA-chT"]
[Site "FRA"]
[Date "1996.??.??"]
[Round "?"]
[White "Koch, Jean Rene"]
[Black "Buchy, Daniel"]
[Result "1-0"]
[WhiteElo "2490"]
[BlackElo "2260"]
[PlyCount "109"]
[EventDate "1996.??.??"]
[Source "ChessBase"]

1. e4 c5 2. Nf3 Nc6 3. d4 cxd4 4. Nxd4 g6 5. c4 Bg7 6. Be3 Nf6 7. Nc3 Ng4 8.
Qxg4 Nxd4 9. Qd1 e5 10. Bd3 O-O 11. O-O d6 12. Qd2 Be6 13. b3 Qa5 14. Rad1 a6
15. Ne2 Qxd2 16. Rxd2 b5 17. cxb5 Nxb5 18. Rc1 Rfc8 19. Bxb5 axb5 20. Rxd6 Bf8
21. Rxc8 Rxc8 22. Ra6 Kg7 23. Kf1 Rd8 24. Nc1 Rd1+ 25. Ke2 Rg1 26. Kf3 h5 27.
h3 Kf6 28. Ne2 Re1 29. Nc3 b4 30. Nd5+ Kg7 31. Bd2 Rd1 32. Bxb4 Bxd5 33. Bxf8+
Kxf8 34. exd5 Rxd5 35. Ra7 f5 36. b4 Rd2 37. h4 e4+ 38. Ke3 Rd3+ 39. Kf4 Rd2
40. Ke3 Rd3+ 41. Ke2 Rd4 42. Rb7 Rc4 43. a4 f4 44. a5 Rc2+ 45. Ke1 Ra2 46. Rc7
g5 47. hxg5 h4 48. Rh7 Ra1+ 49. Kd2 Ra2+ 50. Kc3 Ra3+ 51. Kd4 h3 52. Rxh3 Rxh3
53. gxh3 e3 54. fxe3 f3 55. Kd3 1-0

[Event "FRA-chT"]
[Site "FRA"]
[Date "1996.??.??"]
[Round "?"]
[White "Koch, Jean Rene"]
[Black "Flear, Glenn C"]
[Result "1/2-1/2"]
[WhiteElo "2490"]
[BlackElo "2435"]
[PlyCount "77"]
[EventDate "1996.??.??"]
[Source "ChessBase"]

1. e4 e5 2. Nf3 Nc6 3. Bb5 Nge7 4. Nc3 g6 5. d4 exd4 6. Nd5 Bg7 7. Bg5 h6 8.
Bf6 Bxf6 9. Nxf6+ Kf8 10. O-O d6 11. Nd5 Bg4 12. Nxe7 Kxe7 13. Bxc6 bxc6 14. h3
Bxf3 15. Qxf3 Rb8 16. c3 c5 17. Rad1 dxc3 18. Qxc3 f6 19. e5 Kf7 20. exd6 cxd6
21. Qc4+ Kg7 22. Qa6 Qc7 23. Qxd6 Qxd6 24. Rxd6 Rhd8 25. Rxd8 Rxd8 26. Rc1 g5
27. g4 Rd5 28. Rc4 Rd2 29. Rxc5 Rxb2 30. Rc7+ Kg6 31. Rxa7 h5 32. gxh5+ Kxh5
33. Kg2 Rc2 34. a4 Ra2 35. a5 Kg6 36. a6 Kf5 37. Ra8 Kf4 38. a7 f5 39. Re8
1/2-1/2

[Event "FRA-chT"]
[Site "FRA"]
[Date "1996.??.??"]
[Round "?"]
[White "Koch, Jean Rene"]
[Black "Salus, Stephane"]
[Result "1-0"]
[WhiteElo "2490"]
[BlackElo "2260"]
[PlyCount "53"]
[EventDate "1996.??.??"]
[Source "ChessBase"]

1. e4 e6 2. d4 d5 3. Nc3 Bb4 4. e5 Qd7 5. h4 Ne7 6. h5 h6 7. Qg4 Nf5 8. Bd3 Bf8
9. Qf4 b6 10. g4 Ne7 11. Be3 Ba6 12. O-O-O Nec6 13. Nge2 Bxd3 14. Rxd3 Nb4 15.
Rd2 a5 16. Qg3 N8c6 17. f4 a4 18. a3 Na6 19. f5 Na5 20. fxe6 fxe6 21. Nf4 Nc4
22. Rf2 c5 23. Ng6 Nxe3 24. Qxe3 cxd4 25. Qxd4 Bc5 26. Rhf1 O-O-O 27. Qd3 1-0

[Event "FRA-chT"]
[Site "FRA"]
[Date "1996.??.??"]
[Round "?"]
[White "Komarov, Dimitri"]
[Black "Benitah, Yohan"]
[Result "1-0"]
[WhiteElo "2595"]
[BlackElo "2265"]
[PlyCount "91"]
[EventDate "1996.??.??"]
[Source "ChessBase"]

1. d4 Nf6 2. Nf3 g6 3. c4 c5 4. Nc3 cxd4 5. Nxd4 Nc6 6. e4 Nxd4 7. Qxd4 Bg7 8.
Bg5 O-O 9. Qd2 d6 10. Be2 Be6 11. Rc1 Qa5 12. f3 Rac8 13. b3 a6 14. O-O Rfe8
15. Rfd1 Nd7 16. Nd5 Qxd2 17. Rxd2 Kf8 18. Be3 f5 19. exf5 gxf5 20. Rcd1 Bf7
21. Bf1 Kg8 22. Bg5 Bf8 23. Bd3 Bg6 24. Nf4 e5 25. Nxg6 hxg6 26. Bf1 Nc5 27. b4
Ne6 28. Be3 Kf7 29. g3 Be7 30. f4 g5 31. fxg5 f4 32. gxf4 exf4 33. Rf2 Bxg5 34.
Bc1 Red8 35. Bg2 Bh4 36. Rc2 b5 37. Bd5 f3 38. Rd4 Rg8+ 39. Kf1 Bf6 40. Re4 Be5
41. Rf2 Ke7 42. c5 Rgf8 43. Bb2 Nf4 44. Rd2 Nxd5 45. Rxd5 Rf4 46. cxd6+ 1-0

[Event "FRA-chT"]
[Site "FRA"]
[Date "1996.??.??"]
[Round "?"]
[White "Komarov, Dimitri"]
[Black "Okhotnik, Vladimir"]
[Result "1-0"]
[WhiteElo "2595"]
[BlackElo "2415"]
[PlyCount "65"]
[EventDate "1996.??.??"]
[Source "ChessBase"]

1. d4 d6 2. Nf3 Bg4 3. c4 Nd7 4. Nc3 Ngf6 5. e4 e5 6. Be2 Bxf3 7. Bxf3 exd4 8.
Qxd4 g6 9. Bg5 Bg7 10. O-O O-O 11. Qd2 Re8 12. Rfe1 Ne5 13. Be2 c6 14. Rad1 Re6
15. h3 Qf8 16. c5 b5 17. cxb6 axb6 18. a4 h6 19. f4 Ned7 20. f5 Rxe4 21. fxg6
fxg6 22. Nxe4 Nxe4 23. Bc4+ d5 24. Rxe4 Kh7 25. Re7 Nf6 26. Rxg7+ Qxg7 27. Bxf6
Qxf6 28. Bb3 Re8 29. Rf1 Qe5 30. Bc2 Re7 31. Qf4 Qxb2 32. Bxg6+ Kxg6 33. Qd6+
1-0

[Event "FRA-chT"]
[Site "FRA"]
[Date "1996.??.??"]
[Round "?"]
[White "Komarov, Dimitri"]
[Black "Renet, Olivier"]
[Result "1/2-1/2"]
[WhiteElo "2595"]
[BlackElo "2505"]
[PlyCount "52"]
[EventDate "1996.??.??"]
[Source "ChessBase"]

1. d4 Nf6 2. Nf3 d5 3. c4 e6 4. Nc3 c6 5. Bg5 h6 6. Bxf6 Qxf6 7. g3 Nd7 8. Bg2
dxc4 9. O-O Be7 10. Ne4 Qf5 11. Ned2 e5 12. e4 Qe6 13. Qe2 b5 14. a4 Rb8 15. d5
cxd5 16. exd5 Qxd5 17. axb5 Qd3 18. Rfe1 O-O 19. Nxc4 Qxe2 20. Rxe2 Rxb5 21.
Rxa7 Bc5 22. Rc7 Bd4 23. Nxd4 exd4 24. Rd2 Nb6 25. Nd6 Rb4 26. Nxc8 Rxc8
1/2-1/2

[Event "FRA-chT"]
[Site "FRA"]
[Date "1996.??.??"]
[Round "?"]
[White "Komarov, Dimitri"]
[Black "Shirazi, Kamran"]
[Result "1-0"]
[WhiteElo "2595"]
[BlackElo "2430"]
[PlyCount "99"]
[EventDate "1996.??.??"]
[Source "ChessBase"]

1. d4 d6 2. Nf3 Nf6 3. c4 g6 4. Nc3 Bf5 5. Qb3 b6 6. Ng5 h6 7. e4 Bg4 8. Nf3
Bxf3 9. gxf3 Bg7 10. Be3 O-O 11. O-O-O c5 12. dxc5 bxc5 13. e5 Nfd7 14. Qb7 Nb6
15. f4 N8d7 16. Rg1 Rb8 17. Qg2 e6 18. Rxd6 Qe7 19. Rd2 Rfc8 20. Bd3 a5 21. Nb5
Nf8 22. Nd6 Rc7 23. Rgd1 f5 24. Be2 Kh7 25. Qg3 Na4 26. h4 Rcb7 27. Nb5 h5 28.
Bf3 Nb6 29. Bxb7 Qxb7 30. Nd6 Qc6 31. Rd3 Nc8 32. Nb5 Nb6 33. Nd6 Nc8 34. Nxc8
Rxc8 35. Rc3 Qa4 36. a3 Qc6 37. f3 Qc7 38. Rcd3 Qc6 39. Qf2 Bh6 40. Rd6 Qb7 41.
R1d3 a4 42. Kb1 Rc7 43. Bc1 Kg8 44. Qd2 Kf7 45. Qa5 Qa7 46. Ra6 Qb7 47. Qxa4
Nd7 48. Rad6 Nb8 49. Rxe6 Nc6 50. Rdd6 1-0

[Event "FRA-chT"]
[Site "FRA"]
[Date "1996.??.??"]
[Round "?"]
[White "Komarov, Dimitri"]
[Black "Tersarkissoff, Jean Jacques"]
[Result "1-0"]
[WhiteElo "2595"]
[BlackElo "2140"]
[PlyCount "57"]
[EventDate "1996.??.??"]
[Source "ChessBase"]

1. d4 d5 2. Nf3 Nf6 3. c4 dxc4 4. Nc3 e6 5. Bg5 Bb4 6. a3 Bxc3+ 7. bxc3 Qd5 8.
Bxf6 gxf6 9. Nd2 O-O 10. e4 Qa5 11. Qf3 b5 12. e5 fxe5 13. Qxa8 Qxc3 14. Rd1
exd4 15. Qxb8 Qa5 16. Bxc4 bxc4 17. O-O c3 18. Nb3 Qxa3 19. Nxd4 Qc5 20. Qb3 e5
21. Nc2 Be6 22. Qa3 Qc6 23. Rd3 Rb8 24. Rxc3 Qe8 25. Qxa7 Kh8 26. Qxc7 Bf5 27.
Ne3 Bg6 28. Nd5 Bh5 29. Nf6 1-0

[Event "FRA-chT"]
[Site "FRA"]
[Date "1996.??.??"]
[Round "?"]
[White "Lamorelle, Yves"]
[Black "Neron de Surgy, Gilles"]
[Result "1/2-1/2"]
[WhiteElo "2225"]
[BlackElo "2210"]
[PlyCount "87"]
[EventDate "1996.??.??"]
[Source "ChessBase"]

1. e4 c5 2. Nf3 d6 3. d4 cxd4 4. Qxd4 Nc6 5. Bb5 Bd7 6. Bxc6 Bxc6 7. Nc3 Nf6 8.
Bg5 e6 9. O-O-O Be7 10. Rhe1 O-O 11. e5 dxe5 12. Nxe5 Qc7 13. Nxc6 Qxc6 14. Qa4
Qxa4 15. Nxa4 Rfd8 16. Rxd8+ Rxd8 17. Rd1 Rxd1+ 18. Kxd1 Kf8 19. Be3 b6 20. Bf4
Ne4 21. Ke2 Bd6 22. Bxd6+ Nxd6 23. Kd3 Ke7 24. c4 Nb7 25. b4 Kd6 26. Nc3 a6 27.
Ne4+ Ke7 28. Kd4 Nd8 29. c5 Nc6+ 30. Kc4 b5+ 31. Kc3 e5 32. a3 f5 33. Nd6 g6
34. Nc8+ Kd7 35. Nb6+ Ke6 36. a4 g5 37. axb5 axb5 38. Nc8 Nd4 39. Nd6 h5 40.
Kd3 h4 41. g3 h3 42. f4 g4 43. fxe5 Nc6 44. Nxb5 1/2-1/2

[Event "FRA-chT"]
[Site "FRA"]
[Date "1996.??.??"]
[Round "?"]
[White "Lamorelle, Yves"]
[Black "Sulipa, Aleksandar"]
[Result "1/2-1/2"]
[WhiteElo "2225"]
[BlackElo "2400"]
[PlyCount "56"]
[EventDate "1996.??.??"]
[Source "ChessBase"]

1. e4 c5 2. Nf3 d6 3. Bb5+ Nd7 4. c3 Ngf6 5. d3 g6 6. O-O Bg7 7. Re1 O-O 8. d4
a6 9. Bd3 cxd4 10. cxd4 e5 11. dxe5 dxe5 12. Nc3 b5 13. Bg5 Bb7 14. Nd5 Bxd5
15. exd5 h6 16. Bh4 Re8 17. Bc2 Qb6 18. a4 Rac8 19. axb5 axb5 20. Bb3 Bf8 21.
Rc1 Rxc1 22. Qxc1 e4 23. Nd2 Bb4 24. Re2 Qd4 25. Qc2 g5 26. Bg3 Nc5 27. Ba2
Nxd5 28. Nf3 Qd3 1/2-1/2

[Event "FRA-chT"]
[Site "FRA"]
[Date "1996.??.??"]
[Round "?"]
[White "Lamoureux, Charles"]
[Black "Laclau, Daniel"]
[Result "1-0"]
[WhiteElo "2355"]
[BlackElo "2310"]
[PlyCount "105"]
[EventDate "1996.??.??"]
[Source "ChessBase"]

1. e4 c5 2. Nf3 e6 3. d4 cxd4 4. Nxd4 a6 5. Nc3 Qc7 6. Be2 Nf6 7. O-O d6 8. a4
Nc6 9. Be3 Be7 10. f4 O-O 11. Kh1 Re8 12. Nxc6 bxc6 13. a5 Bb7 14. Bf3 d5 15.
Bb6 Qb8 16. exd5 cxd5 17. Na4 Rc8 18. Bd4 Nd7 19. c3 Bd6 20. Be2 Bc6 21. Bd3
Bb5 22. Qg4 g6 23. Rf3 Bxd3 24. Rxd3 h5 25. Qh4 Rc4 26. b4 Bxf4 27. Nb2 Rc6 28.
Rf1 e5 29. Bg1 Qb5 30. Rdf3 Nf6 31. Qe1 g5 32. Nd3 g4 33. Rxf4 exf4 34. Nxf4
Re8 35. Qc1 Ne4 36. Bd4 Nd2 37. Rd1 Nb3 38. Qb1 Nxd4 39. cxd4 Re4 40. Nxh5 Rce6
41. Ng3 Rf4 42. Qc1 Qb8 43. Nh5 Rf5 44. Ng3 Rff6 45. Qg5+ Rg6 46. Qxd5 Qxb4 47.
Rf1 Qb5 48. Qa2 Rgf6 49. Rd1 Qb4 50. Qa1 Re3 51. d5 Qc3 52. Qxc3 Rxc3 53. Ne4
1-0